|
|
|
|
| LEADER |
00000cam a2200000 c 4500 |
| 001 |
1927251605 |
| 003 |
DE-627 |
| 005 |
20251227185242.0 |
| 007 |
tu |
| 008 |
250602s2025 xxk||||| 00| ||eng c |
| 020 |
|
|
|a 9781804291603
|9 978-1-80429-160-3
|
| 020 |
|
|
|a 9781804291566
|c hbk
|9 978-1-80429-156-6
|
| 035 |
|
|
|a (DE-627)1927251605
|
| 035 |
|
|
|a (DE-599)KXP1927251605
|
| 035 |
|
|
|a (OCoLC)1521587958
|
| 040 |
|
|
|a DE-627
|b ger
|c DE-627
|e rda
|
| 041 |
|
|
|a eng
|
| 044 |
|
|
|c XA-GB
|c XD-US
|
| 050 |
|
0 |
|a HQ77.96
|
| 082 |
0 |
|
|a 306.76/8082
|2 23/eng/20230815
|
| 084 |
|
|
|a 2,1
|2 ssgn
|
| 084 |
|
|
|a MS 2870
|2 rvk
|0 (DE-625)rvk/123648:
|
| 084 |
|
|
|a 71.25
|2 bkl
|
| 084 |
|
|
|a 71.31
|2 bkl
|
| 100 |
1 |
|
|a Gill-Peterson, Julian
|e VerfasserIn
|0 (DE-588)1176718738
|0 (DE-627)1047746816
|0 (DE-576)516771701
|4 aut
|
| 109 |
|
|
|a Gill-Peterson, Julian
|a Peterson, Julian Gill-
|a Gill-Peterson, Jules
|a Peterson, Jules Gill-
|
| 245 |
1 |
2 |
|a A short history of trans misogyny
|c Jules Gill-Peterson
|
| 250 |
|
|
|a Paperback edition
|
| 264 |
|
1 |
|a London
|a New York
|b Verso
|c 2025
|
| 300 |
|
|
|a x, 182 Seiten
|
| 336 |
|
|
|a Text
|b txt
|2 rdacontent
|
| 337 |
|
|
|a ohne Hilfsmittel zu benutzen
|b n
|2 rdamedia
|
| 338 |
|
|
|a Band
|b nc
|2 rdacarrier
|
| 500 |
|
|
|a Includes bibliographical references and index
|
| 505 |
8 |
|
|a The Global Trans Panic -- Sex and the Antebellum City -- Queens of the Gay World.
|
| 520 |
|
|
|a "Shows why it matters to understand trans misogyny as a specific form of violence with a documentable history"--
|
| 650 |
|
0 |
|a Transmisogyny
|
| 650 |
|
0 |
|a Transgender women
|x Violence against
|
| 689 |
0 |
0 |
|d g
|0 (DE-588)4042011-5
|0 (DE-627)106216457
|0 (DE-576)209048166
|a New York, NY
|2 gnd
|
| 689 |
0 |
1 |
|d s
|0 (DE-588)1227943458
|0 (DE-627)1749157489
|a Transphobie
|2 gnd
|
| 689 |
0 |
2 |
|d s
|0 (DE-588)4688835-4
|0 (DE-627)346673526
|0 (DE-576)215053028
|a Homophobie
|2 gnd
|
| 689 |
0 |
3 |
|d s
|0 (DE-588)4222126-2
|0 (DE-627)104499168
|0 (DE-576)210278633
|a Feminismus
|2 gnd
|
| 689 |
0 |
4 |
|d s
|0 (DE-588)4020517-4
|0 (DE-627)106317768
|0 (DE-576)208933697
|a Geschichte
|2 gnd
|
| 689 |
0 |
|
|5 (DE-627)
|
| 689 |
1 |
0 |
|d s
|0 (DE-588)1045598402
|0 (DE-627)774640529
|0 (DE-576)399096043
|a Transsexuelle Frau
|2 gnd
|
| 689 |
1 |
1 |
|d s
|0 (DE-588)4155231-3
|0 (DE-627)10551733X
|0 (DE-576)209817259
|a Frauenfeindlichkeit
|2 gnd
|
| 689 |
1 |
|
|5 (DE-627)
|
| 710 |
2 |
|
|a Verso
|e Verlag
|0 (DE-588)1225378273
|0 (DE-627)1744993289
|4 pbl
|
| 776 |
1 |
|
|z 9781804291627
|c USEBK
|
| 776 |
1 |
|
|z 9781804291610
|c UKEBK
|
| 856 |
4 |
2 |
|u http://www.gbv.de/dms/bowker/toc/9781804291603.pdf
|m DE-601
|q pdf/application
|v 2025-10-28
|x Aggregator
|3 Inhaltsverzeichnis
|7 1
|
| 936 |
r |
v |
|a MS 2870
|b Sexuelle Orientierung, Geschlechtsidentität
|k Soziologie
|k Spezielle Soziologien
|k Soziologische Geschlechterforschung (Gender Studies)
|k Sexuelle Orientierung, Geschlechtsidentität
|0 (DE-627)1271082861
|0 (DE-625)rvk/123648:
|0 (DE-576)201082861
|
| 936 |
b |
k |
|a 71.25
|j Sexualität
|x Soziologie
|0 (DE-627)106409050
|
| 936 |
b |
k |
|a 71.31
|j Geschlechter und ihr Verhalten
|0 (DE-627)106412655
|
| 951 |
|
|
|a BO
|
| ELC |
|
|
|b 1
|
| ORI |
|
|
|a SA-MARC-krimdok_oa001.raw
|